Martin Short Movies Quiz Stats

 Plays Quiz Updated Jan 1, 2021

Support Sporcle.
Go Orange.
Score 0/34 Timer 06:00
3 Plays Today
Year Movie Title % Correct
1986¡Three Amigos!
73.4%
1991Father of the Bride
43.4%
1995Father of the Bride Part II
36%
2006The Santa Clause 3: The Escape Clause
35.4%
1987Innerspace
30.2%
1994Clifford
24.7%
1996Mars Attacks!
23.4%
2012Frankenweenie
21.4%
1991Pure Luck
18.4%
1992Captain Ron
17.9%
2002Treasure Planet
17.5%
1998The Prince of Egypt
16.7%
1997Jungle 2 Jungle
16.4%
1989Three Fugitives
15.3%
2012Madagascar 3: Europes Most Wanted
15.1%
2019The Addams Family
14.7%
1997A Simple Wish
13.3%
Year Movie Title % Correct
2014Inherent Vice
12.7%
2001Get Over It
12.1%
2001Jimmy Neutron: Boy Genius
12%
2008The Spiderwick Chronicles
10.9%
1999Mumford
10.9%
1979Lost and Found
10.8%
1987Cross My Heart
10.7%
2011Hoodwinked Too! Hood vs. Evil
10.5%
1989The Big Picture
10.2%
2004Jiminy Glick in Lalawood
9.9%
1993We're Back! A Dinosaur's Story
9.6%
1995The Pebble and the Penguin
9.5%
2013The Wind Rises
9.4%
2013Legends of Oz: Dorothy's Return
9%
2020The Willoughbys
7.7%
2017The Cat in the Hat Knows a Lot About Space!
5.2%
2018Elliot the Littlest Reindeer
5.1%

From the Vault

Hidden Neighbors of Bulgaria

by markassonne

Geography 30s
Come out, come out, wherever you are.
Remove Ads.
Support Sporcle.
Get the best of Sporcle when you Go Orange. This ad-free experience offers more features, more stats, and more fun while also helping to support Sporcle. Thank you for becoming a member.

Show Comments

Extras

Top Quizzes Today


Score Distribution

Your Account Isn't Verified!

In order to create a playlist on Sporcle, you need to verify the email address you used during registration. Go to your Sporcle Settings to finish the process.

Report this User

Report this user for behavior that violates our Community Guidelines.

Details: